00657nam a2200181 i 4500001000700000003000900007005001700016007000300033008004100036100003100077245011100108260004200219300002200261700003300283852002100316999001900337952011900356118063ES-MaACL20230906191025.0t|070214s1920 fr r ||||1| fre d1 aPella, Vespasien V.99005113aLe délit de spécultion illicite / cpar Vespasien V. Pella ; avec préface de A. Alfred le Poittevin. aParis : bErnest Sagot & Cie, c1920. a114 p. ; c25 cm.1 aLe Poittevin, Alfred.992777 aES-MaACLjB-5007 c118063d118063 00104070aATENEOMbATENEOMcSPBd2008-01-17eSCl0oB-5007p1123083r2023-02-23 00:00:00w2023-02-23yMONOGRAFIA